Ч. 1; Энергия молодых - экономике России

Opis bibliograficzny
Parent link:Энергия молодых - экономике России: труды X Международной научно-практической конференции студентов и молодых ученых, 13-16 апреля 2009 г. г. Томск/ Томский политехнический университет (ТПУ); Вольное экономическое общество России (ВЭО России); Международный союз экономистов (МСЭ). Ч. 1.— , 2009.— 5-98298-028-3
Streszczenie:Сборник включает доклады участников X Международной научно-практической конференции студентов и молодых ученых. Содержание статей отражает современные проблемы развития российской экономики в условиях глобализации, особенности развития маркетинга, менеджмента и мониторинга окружающей среды. Студенты и молодые ученые уделяли большое внимание особенностям развития современной экономики России, проблемам становления менеджмента, маркетинга, природопользования. Многие рекомендации и выводы авторов могут представлять интерес для современной теории и практики управления.
Język:rosyjski
Wydane: 2009
Hasła przedmiotowe:
Format: Książka
KOHA link:https://koha.lib.tpu.ru/cgi-bin/koha/opac-detail.pl?biblionumber=191458

MARC

LEADER 00000nam2a2200000 4500
001 191458
005 20231101224344.0
035 |a (RuTPU)RU\TPU\book\208759 
090 |a 191458 
100 |a 20110204d2009 k y0rusy50 ca 
101 0 |a rus 
102 |a RU 
105 |a a z 101zy 
200 0 |a Ч. 1 
210 |d 2009 
215 |a 297 с.  |c ил. 
320 |a Библиография в конце докладов. 
330 |a Сборник включает доклады участников X Международной научно-практической конференции студентов и молодых ученых. Содержание статей отражает современные проблемы развития российской экономики в условиях глобализации, особенности развития маркетинга, менеджмента и мониторинга окружающей среды. Студенты и молодые ученые уделяли большое внимание особенностям развития современной экономики России, проблемам становления менеджмента, маркетинга, природопользования. Многие рекомендации и выводы авторов могут представлять интерес для современной теории и практики управления. 
461 1 |0 (RuTPU)RU\TPU\book\209106  |y 5-98298-028-3  |t Энергия молодых - экономике России  |o труды X Международной научно-практической конференции студентов и молодых ученых, 13-16 апреля 2009 г. г. Томск  |o в 4 ч.  |f Томский политехнический университет (ТПУ); Вольное экономическое общество России (ВЭО России); Международный союз экономистов (МСЭ)  |v Ч. 1  |d 2009 
606 1 |a Экономика  |x Россия  |2 stltpush  |3 (RuTPU)RU\TPU\subj\37358  |9 58389 
610 1 |a глобализация 
610 1 |a глобальная экономика 
610 1 |a экономический рост 
610 1 |a человеческий капитал 
610 1 |a франчайзинг 
610 1 |a финансовый кризис 
610 1 |a безработица 
610 1 |a ОПЕК 
610 1 |a лизинг 
610 1 |a государственное регулирование 
610 1 |a бизнес 
610 1 |a ипотечный кризис 
610 1 |a малый бизнес 
610 1 |a экономические циклы 
610 1 |a конкурентоспособность 
610 1 |a инновации 
610 1 |a качество 
610 1 |a рынок труда 
610 1 |a управление 
610 1 |a платежные системы 
610 1 |a научно-техническая политика 
610 1 |a банковские системы 
610 1 |a бедность 
610 1 |a экономика знаний 
610 1 |a страхование 
610 1 |a региональная экономика 
610 1 |a Сибирь 
610 1 |a фискальная политика 
610 1 |a конференции 
610 1 |a труды учёных ТПУ 
801 1 |a RU  |b 63413507  |c 20110204 
801 2 |a RU  |b 63413507  |c 20110211  |g RCR 
942 |c BK